Вып. 2; Сборник инструктивных материалов Госэнергонадзора

Detalles Bibliográficos
Parent link:Сборник инструктивных материалов Госэнергонадзора/ Министерство топлива и энергетики Российской Федерации; Департамент государственного энергетического надзора и энергосбережения; сост. В. Н. Белоусов и др.. Вып. 2.— , 2000-.— 5-900835-24-3
Lenguaje:ruso
Publicado: 2000
Materias:
Formato: MixedMaterials Libro
KOHA link:https://koha.lib.tpu.ru/cgi-bin/koha/opac-detail.pl?biblionumber=49195

MARC

LEADER 00000nam2a2200000 4500
001 49195
005 20231031032522.0
035 |a (RuTPU)RU\TPU\book\51516 
090 |a 49195 
100 |a 20030326d2000 m y0rusy50 ca 
101 0 |a rus 
102 |a RU 
105 |a y l 000zy 
200 0 |a Вып. 2 
210 |d 2000 
215 |a 256 с. 
461 1 |0 (RuTPU)RU\TPU\book\52619  |y 5-900835-24-3  |t Сборник инструктивных материалов Госэнергонадзора  |f Министерство топлива и энергетики Российской Федерации; Департамент государственного энергетического надзора и энергосбережения; сост. В. Н. Белоусов и др.  |v Вып. 2  |d 2000- 
610 1 |a электроэнергетика 
610 1 |a Госэнергонадзор 
610 1 |a энергетический надзор 
610 1 |a Россия 
610 1 |a инструктивные материалы 
610 1 |a руководящие документы 
675 |a 621.31.004(083.13)  |v 3 
801 1 |a RU  |b 63413507  |c 20030326  |g PSBO 
801 2 |a RU  |b 63413507  |c 20030512  |g PSBO 
942 |c BK